| 000 | 00627cam a2200217 4500500 | ||
|---|---|---|---|
| 005 | 20260405003757.0 | ||
| 041 | _afre | ||
| 042 | _adc | ||
| 100 | 1 | 0 |
_aMorel, François _eauthor |
| 245 | 0 | 0 | _aConseil n° 31 : Supprimons l’humanité |
| 260 | _c2023. | ||
| 500 | _a33 | ||
| 690 | _aBébé | ||
| 690 | _aFrançois Morel | ||
| 690 | _aHumanité | ||
| 690 | _aHumour | ||
| 690 | _aMisanthropie | ||
| 690 | _aRire | ||
| 786 | 0 | _nPhilosophie magazine | 172 | 9 | 2023-09-01 | p. 74-74 | 1951-1787 | |
| 856 | 4 | 1 | _uhttps://shs.cairn.info/magazine-philosophie-magazine-2023-9-page-74?lang=fr&redirect-ssocas=7080 |
| 999 |
_c2070740 _d2070740 |
||